000 01246pam a2200301 a 4500
001 1161046
003 NUST - PNEC
005 20170116181136.0
008 960214s1997 nyua b 001 0 eng
010 _a 96006775
020 _a0827365586
040 _aDLC
_cLIBRARY
_dDLC
050 0 0 _aTP1120
_b.R49 1997
082 0 0 _a668.4 RIC
_220
100 1 _aRichardson, Terry L.
245 1 0 _aIndustrial plastics :
_btheory and application /
_cTerry L. Richardson, Erik Lokensgard.
250 _a3rd ed.
260 _aAlbany :
_bDelmar Publishers,
_cc1997.
300 _axiv, 529 p. :
_bill. ;
_c28 cm.
504 _aIncludes bibliographical references (p. 519-522) and index.
650 0 _aPlastics.
_xGeneral
700 1 _aLokensgard, Erik.
856 4 2 _3Contributor biographical information
_uhttp://www.loc.gov/catdir/enhancements/fy1514/96006775-b.html
856 4 2 _3Publisher description
_uhttp://www.loc.gov/catdir/enhancements/fy1514/96006775-d.html
856 4 1 _3Table of contents only
_uhttp://www.loc.gov/catdir/enhancements/fy1514/96006775-t.html
942 _2ddc
_cBK
999 _c70242
_d70242